|
|
|
|
| LEADER |
00000nam0a2200000 4500 |
| 001 |
195143 |
| 005 |
20240115132427.0 |
| 035 |
|
|
|a (RuTPU)RU\TPU\book\212874
|
| 090 |
|
|
|a 195143
|
| 100 |
|
|
|a 20110504d2010 m y0rusy50 ca
|
| 101 |
0 |
|
|a rus
|
| 102 |
|
|
|a RU
|
| 105 |
|
|
|a a j 001zy
|
| 200 |
1 |
|
|a Метод проектов в образовательной деятельности
|e учебное пособие для вузов
|f В. А. Стародубцев, М. Г. Минин
|g Национальный исследовательский Томский политехнический университет (ТПУ)
|
| 210 |
|
|
|a Томск
|c Изд-во ТПУ
|d 2010
|
| 215 |
|
|
|a 124 с.
|c ил.
|
| 318 |
|
|
|5 63413507
|a Перспективные методы обучения
|
| 320 |
|
|
|a Библиогр.: с. 123.
|
| 330 |
|
|
|a В пособии приведены статьи отечественных и зарубежных педагогов, посвященные становлению метода проектов в образовании. Изложены научные основы метода, его дидактические и методические характеристики, даны практические рекомендации, приведены примеры практической реализации. Знакомство с содержанием пособия позволяет получить целостное представление о возможностях и ограничениях проектного метода обучения. Предназначено для магистрантов и преподавателей, обучающихся по программе ФПК «Преподаватель высшей школы», аспирантов педагогических вузов и учителей средних школ.
|
| 452 |
|
1 |
|0 (RuTPU)RU\TPU\book\214729
|t Метод проектов в образовательной деятельности
|o учебное пособие
|f В. А. Стародубцев, М. Г. Минин
|g Национальный исследовательский Томский политехнический университет (ТПУ)
|c Томск
|n Изд-во ТПУ
|d 2010
|a Стародубцев, Вячеслав Алексеевич
|
| 606 |
1 |
|
|a Проектные методы обучения в вузе
|2 stltpush
|3 (RuTPU)RU\TPU\subj\70609
|9 84816
|
| 610 |
1 |
|
|a высшее образование
|
| 610 |
1 |
|
|a педагогика
|
| 610 |
1 |
|
|a педагогические методы
|
| 610 |
1 |
|
|a проекты
|
| 610 |
1 |
|
|a проектные методы
|
| 610 |
1 |
|
|a образовательная деятельность
|
| 610 |
1 |
|
|a проектное обучение
|
| 610 |
1 |
|
|a метод проектов
|
| 610 |
1 |
|
|a история
|
| 610 |
1 |
|
|a типология
|
| 610 |
1 |
|
|a телекоммуникационные проекты
|
| 610 |
1 |
|
|a проектная деятельность
|
| 610 |
1 |
|
|a практическое применение
|
| 610 |
1 |
|
|a учебные пособия
|
| 610 |
1 |
|
|a труды учёных ТПУ
|
| 686 |
|
|
|a Ч481.254я73
|2 rubbk
|
| 700 |
|
1 |
|a Стародубцев
|b В. А.
|c специалист в области дистанционного образования
|c профессор Томского политехнического университета, доктор педагогических наук
|f 1943-
|g Вячеслав Алексеевич
|3 (RuTPU)RU\TPU\pers\26939
|
| 701 |
|
1 |
|a Минин
|b М. Г.
|c специалист в области инженерной педагогики
|c профессор Томского политехнического университета, доктор педагогических наук
|f 1944-
|g Михаил Григорьевич
|3 (RuTPU)RU\TPU\pers\26824
|9 12443
|
| 712 |
0 |
2 |
|a Национальный исследовательский Томский политехнический университет (ТПУ)
|c (2009- )
|3 (RuTPU)RU\TPU\col\15902
|
| 801 |
|
1 |
|a RU
|b 63413507
|c 20110504
|
| 801 |
|
2 |
|a RU
|b 63413507
|c 20160930
|g RCR
|
| 942 |
|
|
|c BK
|